000 00302nam a22001457a 4500
008 221019b ||||| |||| 00| 0 eng d
020 _a0135275644
041 _aeng
080 _a61
082 _a61 WAL
100 _a4
101 _aMJEK
245 _aLEARN TO RELAX
_cWALKER C
942 _2udc
_cBK
999 _c58607
_d58607